[Event "Bernard Partridge Final"]
[Site "?"]
[Date "2000.??.??"]
[Round "?"]
[White "Sowden, Edward"]
[Black "Kunz, Harry"]
[Result "1-0"]
[WhiteElo "2361"]
[BlackElo "2403"]
[PlyCount "119"]
[EventDate "2001.10.13"]

1. e4 e5 2. Nf3 Nf6 3. Nxe5 d6 4. Nf3 Nxe4 5. Qe2 Qe7 6. d3 Nf6 7. Bg5 Qxe2+ 8.
Bxe2 Be7 9. Nc3 c6 10. O-O Na6 11. Rfe1 Nc7 12. d4 Be6 13. Bd3 h6 14. Bd2 O-O-O
15. a4 Rhe8 16. a5 Kb8 17. h3 g5 18. Be3 Bf8 19. Ne2 Nfd5 20. Bd2 f5 21. Ng3 f4
22. Nf5 Ne7 23. Nxe7 Rxe7 24. c4 Bf7 25. h4 g4 26. Nh2 g3 27. Nf3 Ne6 28. a6
Bh5 29. Bf5 Bxf3 30. Rxe6 gxf2+ 31. Kxf2 Bh5 32. Rae1 Rxe6 33. Rxe6 Bf7 34. Rf6
Bxc4 35. Bxf4 Kc7 36. Bxh6 Be7 37. Rg6 Rb8 38. Bg5 Bf8 39. axb7 Rxb7 40. Bc1
Kd8 41. Be4 Rf7+ 42. Ke3 Kc7 43. Bd2 Re7 44. Kf4 Bf7 45. Ba5+ Kb7 46. Rg3 Bc4
47. Rg6 Bf7 48. Rf6 d5 49. Bg6 Bxg6 50. Rxf8 Re2 51. Rg8 Rxg2 52. h5 Be4 53.
Rxg2 Bxg2 54. h6 Be4 55. Bb4 Kb6 56. Bc5+ Kb7 57. Kg5 a5 58. b3 Ka6 59. Kf6 Kb5
60. Kg7 1-0

[Event "Bernard Partridge Final"]
[Site "?"]
[Date "2000.??.??"]
[Round "?"]
[White "Hartogh, Theo"]
[Black "Sowden, Edward"]
[Result "0-1"]
[WhiteElo "2392"]
[BlackElo "2361"]
[PlyCount "83"]
[EventDate "2001.10.13"]

1. d4 Nf6 2. c4 c5 3. d5 e6 4. Nc3 exd5 5. cxd5 d6 6. e4 g6 7. Nf3 Bg7 8. Be2
O-O 9. O-O Re8 10. Nd2 Na6 11. f3 Nc7 12. a4 b6 13. Nc4 Ba6 14. Bg5 h6 15. Be3
Rb8 16. Qd2 Kh7 17. Rab1 Bxc4 18. Bxc4 a6 19. b4 b5 20. Be2 c4 21. Bd1 Nd7 22.
Ne2 Ne5 23. Nd4 Qf6 24. Bc2 c3 25. Qxc3 Rbc8 26. Qb3 Nc4 27. Bf2 Nd2 28. Qd3
Nxf1 29. Rxf1 Qe7 30. f4 Bxd4 31. Bxd4 bxa4 32. f5 Nb5 33. fxg6+ fxg6 34. Bf6
Qa7+ 35. Kh1 Qc7 36. Qh3 Qf7 37. Bd3 Rf8 38. g4 a3 39. e5 Qxd5+ 40. Kg1 Qe6 41.
Qe3 Rc3 42. Rd1 0-1

[Event "Bernard Partridge Final"]
[Site "?"]
[Date "2000.??.??"]
[Round "?"]
[White "van Damme, Liban"]
[Black "Sowden, Edward"]
[Result "1/2-1/2"]
[WhiteElo "2444"]
[BlackElo "2361"]
[PlyCount "72"]
[EventDate "2001.10.13"]

1. c4 c5 2. Nf3 Nf6 3. Nc3 d5 4. cxd5 Nxd5 5. d4 Nxc3 6. bxc3 g6 7. e4 Bg7 8.
Rb1 O-O 9. Be2 cxd4 10. cxd4 Qa5+ 11. Bd2 Qxa2 12. O-O a5 13. Qc1 Bg4 14. Rxb7
Bxf3 15. Bxf3 Nc6 16. d5 Nd4 17. Bg5 Nxf3+ 18. gxf3 e6 19. d6 Qe2 20. Kg2 Qa6
21. Rc7 Qxd6 22. Be7 Qe5 23. Bxf8 Bxf8 24. Rd1 Bd6 25. Rc8+ Rxc8 26. Qxc8+ Kg7
27. h4 Qh2+ 28. Kf1 Bb4 29. Ke2 Qxh4 30. Qb8 Qf6 31. Rd8 Qb2+ 32. Kf1 Qc1+ 33.
Kg2 Qg5+ 34. Kf1 Qc1+ 35. Kg2 Qg5+ 36. Kf1 Qc1+ 1/2-1/2

[Event "Bernard Partridge Final"]
[Site "?"]
[Date "2000.??.??"]
[Round "?"]
[White "Poulsen, JM."]
[Black "Sowden, Edward"]
[Result "1/2-1/2"]
[WhiteElo "2370"]
[BlackElo "2361"]
[PlyCount "67"]
[EventDate "2001.10.13"]

1. e4 e6 2. d4 d5 3. Nc3 Nf6 4. e5 Nfd7 5. f4 c5 6. Nf3 Nc6 7. Be3 cxd4 8. Nxd4
Bc5 9. Qd2 Nxd4 10. Bxd4 Bxd4 11. Qxd4 Qb6 12. Qxb6 Nxb6 13. Nb5 Ke7 14. Kd2
Bd7 15. Nd4 a6 16. b3 Rhc8 17. Bd3 h6 18. g4 Be8 19. Rhg1 Nd7 20. g5 hxg5 21.
Rxg5 g6 22. h4 Nc5 23. h5 gxh5 24. Rxh5 Bd7 25. Rah1 Nxd3 26. cxd3 Rg8 27. R1h2
Rg4 28. R5h4 Rag8 29. a4 Rg3 30. Ne2 R3g7 31. a5 Bb5 32. Kc3 Rc8+ 33. Kd4 Rcg8
34. Nc3 1/2-1/2

[Event "Bernard Partridge Final"]
[Site "?"]
[Date "2000.??.??"]
[Round "?"]
[White "Sowden, Edward"]
[Black "Woelk, Ralf"]
[Result "1-0"]
[WhiteElo "2361"]
[BlackElo "2311"]
[PlyCount "67"]
[EventDate "2001.10.13"]

1. e4 d5 2. exd5 Qxd5 3. Nc3 Qa5 4. d4 c6 5. Nf3 Nf6 6. Ne5 Be6 7. Bc4 Bxc4 8.
Nxc4 Qf5 9. O-O e6 10. Ne3 Qh5 11. Qxh5 Nxh5 12. f3 Na6 13. Re1 O-O-O 14. Ng4
Rxd4 15. Be3 Rb4 16. b3 Rxg4 17. fxg4 Bb4 18. Ne4 Bxe1 19. Rxe1 Nf6 20. Nxf6
gxf6 21. Rf1 f5 22. Bxa7 fxg4 23. Rxf7 Nb4 24. Be3 e5 25. Bc5 Nxc2 26. Bd6 Re8
27. Rc7+ Kd8 28. Rxb7 e4 29. Rb8+ Kd7 30. Rxe8 Kxe8 31. a4 Kd7 32. Bc5 Na1 33.
b4 Nb3 34. Kf2 1-0

[Event "Bernard Partridge Final"]
[Site "?"]
[Date "2000.??.??"]
[Round "?"]
[White "Hartogh, Theo"]
[Black "Poulsen, JM."]
[Result "1/2-1/2"]
[WhiteElo "2392"]
[BlackElo "2370"]
[PlyCount "65"]
[EventDate "2001.10.13"]

1. e4 e6 2. d4 d5 3. Nc3 Nf6 4. Bg5 Bb4 5. e5 h6 6. Bd2 Bxc3 7. bxc3 Ne4 8. Qg4
g6 9. Bd3 Nxd2 10. Kxd2 c5 11. Ne2 c4 12. Bxg6 Qg5+ 13. Qxg5 hxg5 14. Bxf7+
Kxf7 15. h3 Nc6 16. f4 Rg8 17. g4 Bd7 18. Rag1 Raf8 19. fxg5 Rxg5 20. h4 Rg7
21. g5 Kg8 22. h5 Kh7 23. h6 Rgg8 24. Ke3 Be8 25. Nf4 Nd8 26. a4 b6 27. Rg2 Bg6
28. Rhg1 Rf5 29. Rg3 Rgf8 30. Rg4 Re8 31. R1g2 Nf7 32. Kd2 Re7 33. Ke3 1/2-1/2

[Event "Bernard Partridge Final"]
[Site "?"]
[Date "2000.??.??"]
[Round "?"]
[White "Summers, Manuel Jaime"]
[Black "Hartogh, Theo"]
[Result "1-0"]
[WhiteElo "2408"]
[BlackElo "2392"]
[PlyCount "69"]
[EventDate "2001.10.13"]

1. e4 e6 2. d4 d5 3. Nd2 Nf6 4. e5 Nfd7 5. f4 c5 6. c3 Nc6 7. Ndf3 Qb6 8. g3
cxd4 9. cxd4 Bb4+ 10. Kf2 f6 11. Kg2 g5 12. a3 Be7 13. exf6 Nxf6 14. fxg5 Ne4
15. b4 e5 16. Be3 Rf8 17. Bd3 Bg4 18. h3 Bh5 19. Qe1 exd4 20. Bf4 O-O-O 21. b5
Na5 22. Rc1+ Bc5 23. Nxd4 Rde8 24. Nge2 Kd7 25. g4 Bg6 26. Nf5 Bxf5 27. gxf5
Rxf5 28. Qh4 Rf7 29. Qh5 Qe6 30. Nd4 Rxf4 31. Nxe6 Rf2+ 32. Kg1 Be3 33. Bxe4
Rxe6 34. Rc3 Bb6 35. Rh2 1-0

[Event "Bernard Partridge Final"]
[Site "?"]
[Date "2000.??.??"]
[Round "?"]
[White "Lang, Torsten"]
[Black "Hartogh, Theo"]
[Result "1/2-1/2"]
[WhiteElo "2463"]
[BlackElo "2392"]
[PlyCount "60"]
[EventDate "2001.10.13"]

1. e4 e6 2. d4 d5 3. Nc3 Nf6 4. Bg5 Be7 5. e5 Nfd7 6. Bxe7 Qxe7 7. f4 O-O 8.
Nf3 c5 9. dxc5 Nc6 10. Qd2 Qxc5 11. O-O-O Nb6 12. h4 Bd7 13. h5 Rac8 14. Nd4
Nxd4 15. Qxd4 f6 16. exf6 Qxd4 17. Rxd4 gxf6 18. Rd1 Rc5 19. g3 e5 20. Bg2 e4
21. Rd4 f5 22. Nd1 Kf7 23. Ne3 Rfc8 24. Rh3 Be6 25. Bf1 h6 26. Kd2 Kf6 27. Be2
Nc4+ 28. Bxc4 dxc4 29. c3 Ke7 30. Kc2 b5 1/2-1/2

[Event "Bernard Partridge Final"]
[Site "?"]
[Date "2000.??.??"]
[Round "?"]
[White "Grothe, Dr. Gerhard"]
[Black "Hartogh, Theo"]
[Result "0-1"]
[WhiteElo "2345"]
[BlackElo "2393"]
[PlyCount "136"]
[EventDate "2001.10.13"]

1. d4 Nf6 2. c4 g6 3. Nc3 Bg7 4. e4 d6 5. f3 O-O 6. Be3 e5 7. d5 c6 8. Bd3 cxd5
9. cxd5 Ne8 10. Qd2 f5 11. exf5 gxf5 12. Nge2 Nd7 13. O-O Ndf6 14. Bg5 Qe7 15.
Ng3 f4 16. Nf5 Qf7 17. Nh6+ Bxh6 18. Bxh6 Ng7 19. Rac1 Kh8 20. Nb5 Nfe8 21. Rf2
a6 22. Nc3 Rg8 23. Na4 Bf5 24. Nb6 Rd8 25. Bxg7+ Nxg7 26. Be4 Bxe4 27. fxe4 Ne8
28. Qd3 Nf6 29. Re2 Qh5 30. Rc3 Ng4 31. Qh3 Qxh3 32. Rxh3 Rg6 33. a4 Ne3 34. a5
Rdg8 35. g3 R8g7 36. Kf2 Ng4+ 37. Kg2 Rf7 38. gxf4 exf4 39. Re1 Ne5+ 40. Kh1 f3
41. Rg3 Rxg3 42. hxg3 Nd3 43. Rf1 Nc5 44. e5 dxe5 45. d6 e4 46. Nc4 Kg7 47. g4
Kf6 48. Kh2 Ke6 49. Kg3 Kd5 50. b3 Kd4 51. Rd1+ Nd3 52. Nb2 Kc3 53. Nc4 f2 54.
Kg2 Kxb3 55. Ne3 Kb4 56. Kf1 Kxa5 57. Nd5 Nc5 58. Ne7 Rf3 59. d7 Nxd7 60. Rxd7
e3 61. Rd1 Rg3 62. Ke2 Rg1 63. Rf1 Rxg4 64. Kxe3 Rg1 65. Rxf2 Re1+ 66. Re2
Rxe2+ 67. Kxe2 b5 68. Nd5 b4 0-1

[Event "Bernard Partridge Final"]
[Site "?"]
[Date "2000.??.??"]
[Round "?"]
[White "Hartogh, Theo"]
[Black "van Damme, Liban"]
[Result "1-0"]
[WhiteElo "2392"]
[BlackElo "2444"]
[PlyCount "99"]
[EventDate "2001.10.13"]

1. d4 Nf6 2. c4 e6 3. Nc3 Bb4 4. e3 O-O 5. Bd3 d5 6. Nf3 b6 7. O-O Bb7 8. cxd5
exd5 9. a3 Bd6 10. b4 a6 11. Qb3 Nbd7 12. a4 Re8 13. Ba3 Qe7 14. b5 Bxa3 15.
Qxa3 Qxa3 16. Rxa3 Rec8 17. Bf5 axb5 18. Nxb5 Ba6 19. Rfa1 g6 20. Bh3 Bxb5 21.
axb5 Rxa3 22. Rxa3 c5 23. Ne5 Rc7 24. Nc6 Kg7 25. Ra6 c4 26. Kf1 Rb7 27. g3 Nb8
28. Bc8 c3 29. Ke2 Ne4 30. Kd3 Nxc6 31. bxc6 Rc7 32. Bb7 b5 33. f3 Nd6 34. Kxc3
Nxb7 35. Kb4 Nd6 36. Kc5 Nc8 37. Kxb5 Kf6 38. Kc5 Ke6 39. e4 dxe4 40. d5+ Ke7
41. fxe4 f6 42. Ra8 h5 43. Rb8 Nd6 44. Rg8 Ne8 45. Rxg6 Ra7 46. Rh6 Ra5+ 47.
Kb4 Ra2 48. Rxh5 Re2 49. Rh7+ Kf8 50. Kc5 1-0

[Event "Bernard Partridge Final"]
[Site "?"]
[Date "2000.??.??"]
[Round "?"]
[White "Kunz, Harry"]
[Black "Hartogh, Theo"]
[Result "1-0"]
[WhiteElo "2403"]
[BlackElo "2392"]
[PlyCount "93"]
[EventDate "2001.10.13"]

1. e4 e6 2. d4 d5 3. Nc3 Nf6 4. Bg5 dxe4 5. Nxe4 Be7 6. Bxf6 Bxf6 7. Nf3 O-O 8.
c3 Nd7 9. Qc2 Qe7 10. Bd3 Rd8 11. O-O b6 12. Ng3 g6 13. Be4 Rb8 14. Bc6 b5 15.
b4 Rb6 16. Be4 Ra6 17. Bd3 Rb6 18. a4 a6 19. axb5 axb5 20. Ra5 c6 21. Rfa1 Bg7
22. Qc1 e5 23. Qe3 Rb7 24. Re1 Re8 25. Bc2 Kf8 26. Qd2 f5 27. Bb3 e4 28. Ng5
Nf6 29. Ra8 Ra7 30. Rxa7 Qxa7 31. Qf4 Re7 32. Qd6 Qc7 33. Nxh7+ Nxh7 34. Qxg6
Nf6 35. Nxf5 Bxf5 36. Qxf5 Qd7 37. Qf4 Qc7 38. Qg5 Qa7 39. h4 Qd7 40. Ra1 Qb7
41. h5 Nd5 42. h6 Bh8 43. f3 exf3 44. Rf1 Ke8 45. Qg8+ Kd7 46. Qxh8 fxg2 47.
Rf8 1-0

[Event "Bernard Partridge Final"]
[Site "?"]
[Date "2000.??.??"]
[Round "?"]
[White "Hartogh, Theo"]
[Black "Woelk, Ralf"]
[Result "0-1"]
[WhiteElo "2392"]
[BlackElo "2311"]
[PlyCount "54"]
[EventDate "2001.10.13"]

1. d4 f5 2. c4 Nf6 3. Nf3 d6 4. g3 Nc6 5. Bg2 e5 6. d5 Ne7 7. Nc3 g6 8. O-O Bg7
9. b3 O-O 10. Bb2 h6 11. Qd2 g5 12. Ne1 Ng6 13. a3 Qe7 14. Nc2 a6 15. Rac1 Bd7
16. b4 Rae8 17. f3 e4 18. fxe4 Nxe4 19. Bxe4 fxe4 20. Kg2 e3 21. Rxf8+ Bxf8 22.
Qd3 Ne5 23. Qe4 Qf7 24. Nxe3 Bg7 25. Qb1 Nxc4 26. Nxc4 Bxc3 27. e4 Bf5 0-1

[Event "Bernard Partridge Final"]
[Site "?"]
[Date "2000.??.??"]
[Round "?"]
[White "Voss, Gunter"]
[Black "van Damme, Liban"]
[Result "1/2-1/2"]
[WhiteElo "2296"]
[BlackElo "2444"]
[PlyCount "108"]
[EventDate "2001.10.13"]

1. e4 c5 2. Nf3 Nc6 3. d4 cxd4 4. Nxd4 Nf6 5. Nc3 d6 6. Bc4 Qb6 7. Nb3 e6 8.
Qe2 Be7 9. f4 a6 10. Be3 Qc7 11. a3 Nxe4 12. Nxe4 d5 13. Bd3 dxe4 14. Bxe4 Bh4+
15. g3 Bf6 16. O-O-O O-O 17. g4 Be7 18. g5 b5 19. Qh5 g6 20. Qf3 Bb7 21. h4 b4
22. a4 Rac8 23. h5 Nd8 24. Rd2 Bd6 25. Rdh2 Qc4 26. Nd2 Qxc2+ 27. Bxc2 Bxf3 28.
Nxf3 b3 29. Nd4 bxc2 30. hxg6 fxg6 31. Rxh7 Rc4 32. Rd7 Nf7 33. Nxe6 Re8 34. f5
Re7 35. Rxe7 Bxe7 36. f6 Bb4 37. Rf1 Re4 38. Bc5 Bxc5 39. Nxc5 Rc4 40. Nd3 Rxa4
41. Kxc2 Ra5 42. b4 Rxg5 43. Ra1 Ne5 44. Nxe5 Rxe5 45. Rxa6 Kf7 46. Kc3 g5 47.
Kd4 Rf5 48. Ke4 Rf4+ 49. Ke5 Rxb4 50. Ra7+ Kg6 51. Rg7+ Kh6 52. Rg8 Rb5+ 53.
Ke4 Rb4+ 54. Ke5 Rb5+ 1/2-1/2

[Event "Bernard Partridge Final"]
[Site "?"]
[Date "2000.??.??"]
[Round "?"]
[White "Sowden, Edward"]
[Black "Grothe, Dr. Gerhard"]
[Result "1/2-1/2"]
[WhiteElo "2361"]
[BlackElo "2345"]
[PlyCount "137"]
[EventDate "2001.10.13"]

1. e4 c6 2. d4 d5 3. Nc3 dxe4 4. Nxe4 Nd7 5. Bc4 Ngf6 6. Ng5 e6 7. Qe2 Nb6 8.
Bb3 h6 9. N5f3 c5 10. Be3 Qc7 11. Ne5 Bd6 12. Ngf3 O-O 13. O-O Nbd5 14. c3 b6
15. Bd2 Bb7 16. dxc5 Qxc5 17. Rad1 Rac8 18. Rfe1 Qc7 19. Bc1 Rfd8 20. Rd4 Bc5
21. Rdd1 a6 22. a4 a5 23. Nd4 Qe7 24. Bc4 Bd6 25. Bb5 Qc7 26. Bd2 Bxe5 27. Qxe5
Qxe5 28. Rxe5 Ne8 29. Ree1 Nd6 30. Bd3 Nc4 31. Bc1 Rd7 32. Nb5 Ba6 33. Na3 Ra7
34. Nc2 Kf8 35. g3 Nd6 36. Bxa6 Rxa6 37. Ne3 Nxe3 38. Rxe3 Nb7 39. Re4 Raa8 40.
Bf4 Nc5 41. Bd6+ Ke8 42. Rg4 g6 43. Rh4 h5 44. g4 Nxa4 45. Rd2 Nc5 46. gxh5
gxh5 47. Rxh5 Ne4 48. Rd4 Nxd6 49. Rxd6 Rcb8 50. Rxb6 Rxb6 51. Rh8+ Kd7 52.
Rxa8 Rxb2 53. Rxa5 Rb3 54. Ra7+ Kd6 55. Rxf7 Rxc3 56. Kg2 Rc4 57. Kg3 Rc3+ 58.
Rf3 Rc7 59. h4 Rg7+ 60. Kh3 Ke7 61. h5 Rg8 62. Kh4 Rh8 63. Kg5 Rg8+ 64. Kh6 Rg2
65. Kh7 Rg5 66. h6 Rg2 67. Kh8 e5 68. h7 Rg5 69. Re3 1/2-1/2

[Event "Bernard Partridge Final"]
[Site "?"]
[Date "2000.??.??"]
[Round "?"]
[White "Summers, Manuel Jaime"]
[Black "Voss, Gunter"]
[Result "1-0"]
[WhiteElo "2408"]
[BlackElo "2296"]
[PlyCount "65"]
[EventDate "2001.10.13"]

1. e4 c5 2. Nf3 Qc7 3. c3 d6 4. d4 e5 5. Nbd2 Nc6 6. d5 Nd8 7. Bb5+ Bd7 8.
Bxd7+ Qxd7 9. O-O g6 10. a3 Bg7 11. b4 Rc8 12. c4 Ne7 13. Re1 O-O 14. Bb2 b6
15. b5 f5 16. a4 Nb7 17. Ng5 Bf6 18. Ne6 Rf7 19. f4 exf4 20. Bxf6 Rxf6 21. e5
dxe5 22. Rxe5 Re8 23. Qf1 Nc8 24. Rae1 Ncd6 25. Qxf4 Rf7 26. Nf3 Rfe7 27. R5e2
Ne4 28. g4 Qd6 29. Ne5 Rxe6 30. dxe6 Rxe6 31. gxf5 Qd4+ 32. Kg2 Qxe5 33. Qxe4
1-0

[Event "Bernard Partridge Final"]
[Site "?"]
[Date "2000.??.??"]
[Round "?"]
[White "Lang, Torsten"]
[Black "Summers, Manuel Jaime"]
[Result "0-1"]
[WhiteElo "2463"]
[BlackElo "2408"]
[PlyCount "84"]
[EventDate "2001.10.13"]

1. e4 c5 2. Nf3 d6 3. d4 cxd4 4. Nxd4 Nf6 5. Nc3 e6 6. g4 h6 7. h4 Nc6 8. Rg1
h5 9. gxh5 Nxh5 10. Bg5 Nf6 11. Be2 Be7 12. h5 e5 13. Bxf6 gxf6 14. Nxc6 bxc6
15. Bc4 Rb8 16. Bb3 Bf8 17. Qd3 Rxh5 18. Qc4 Qd7 19. Ba4 Bb7 20. Nd5 Rh6 21.
O-O-O Ba8 22. Rg3 Rc8 23. Rc3 Rg6 24. a3 f5 25. Nb4 fxe4 26. Nxc6 Bxc6 27. Bxc6
Qxc6 28. Qxc6+ Rxc6 29. Rxc6 Rf6 30. Rh1 Kd7 31. Ra6 Rxf2 32. Rxa7+ Ke6 33. c4
e3 34. b4 e4 35. Ra8 Bg7 36. Re8+ Kf5 37. Rh5+ Kg4 38. Rh1 Bb2+ 39. Kb1 f5 40.
Rg8+ Kf4 41. Ka2 Bd4+ 42. Kb3 e2 0-1

[Event "Bernard Partridge Final"]
[Site "?"]
[Date "2000.??.??"]
[Round "?"]
[White "Poulsen, JM."]
[Black "Woelk, Ralf"]
[Result "1/2-1/2"]
[WhiteElo "2370"]
[BlackElo "2311"]
[PlyCount "84"]

1. e4 d5 2. exd5 Qxd5 3. Nc3 Qa5 4. d4 c6 5. Bc4 Bf5 6. Bd2 e6 7. d5 cxd5 8.
Nxd5 Qd8 9. Qe2 Nf6 10. Ne3 Be4 11. Rd1 Nbd7 12. Nf3 Bc5 13. Ng5 Qb6 14. Nxe4
Nxe4 15. O-O Qxb2 16. Bc1 Qe5 17. Ng4 Qf5 18. Bb2 h5 19. Bxg7 hxg4 20. Bxh8 g3
21. Bd3 gxh2+ 22. Kxh2 O-O-O 23. Bg7 Qh7+ 24. Kg1 Bd6 25. g3 Nxg3 26. Bxh7
Nxe2+ 27. Kg2 Bb4 28. Kf3 Nc3 29. Rd4 Nd5 30. Be4 Bc5 31. Rdd1 N7b6 32. Rh1 Kc7
33. Be5+ Bd6 34. Bd4 Nb4 35. Rh5 Nxa2 36. Rb5 f5 37. Bd3 Nb4 38. Bxb6+ axb6 39.
Bc4 Bc5 40. Rxd8 Kxd8 41. c3 Na6 42. Rb2 Nc7 1/2-1/2

[Event "Bernard Partridge Final"]
[Site "?"]
[Date "2000.??.??"]
[Round "?"]
[White "Woelk, Ralf"]
[Black "Kunz, Harry"]
[Result "1/2-1/2"]
[WhiteElo "2311"]
[BlackElo "2403"]
[PlyCount "31"]

1. d4 Nf6 2. Bf4 c5 3. d5 d6 4. Nc3 e5 5. dxe6 Bxe6 6. e4 Nc6 7. Qd2 Qa5 8. Nf3
d5 9. Bd3 c4 10. exd5 Nxd5 11. Nxd5 Qxd5 12. Be2 Qf5 13. Nd4 Nxd4 14. Qxd4 Qxc2
15. Rc1 Qf5 16. Bxc4 1/2-1/2

[Event "Bernard Partridge Final"]
[Site "?"]
[Date "2000.??.??"]
[Round "?"]
[White "Woelk, Ralf"]
[Black "Lang, Torsten"]
[Result "1/2-1/2"]
[WhiteElo "2311"]
[BlackElo "2463"]
[PlyCount "64"]

1. d4 d5 2. Nf3 Nf6 3. Bf4 e6 4. e3 c5 5. c3 Nc6 6. Nbd2 Bd6 7. dxc5 Bxc5 8.
Bd3 O-O 9. O-O Re8 10. Ne5 Bd6 11. Nxc6 bxc6 12. Bxd6 Qxd6 13. b4 e5 14. Nb3 e4
15. Be2 Re5 16. Nd4 Bd7 17. a3 Rae8 18. c4 Rg5 19. g3 Bh3 20. Re1 h5 21. cxd5
h4 22. Kh1 hxg3 23. fxg3 cxd5 24. Rc1 Ng4 25. Bxg4 Bxg4 26. Qa4 Re7 27. Rc6 Qe5
28. Rf1 Rh5 29. Rf4 Qg5 30. Qa5 Rd7 31. Qc5 Kh7 32. Rc8 Qh6 1/2-1/2

[Event "Bernard Partridge Final"]
[Site "?"]
[Date "2000.??.??"]
[Round "?"]
[White "Woelk, Ralf"]
[Black "Summers, Manuel Jaime"]
[Result "0-1"]
[WhiteElo "2311"]
[BlackElo "2408"]
[PlyCount "55"]

1. d4 Nf6 2. Nf3 c5 3. d5 g6 4. Nc3 Bg7 5. e4 O-O 6. Be2 d6 7. O-O e6 8. h3
exd5 9. exd5 Na6 10. Bf4 Nc7 11. Re1 Re8 12. Qd2 a6 13. a4 b6 14. Ng5 h6 15.
Nf3 g5 16. Bh2 Qd7 17. Bc4 Rxe1+ 18. Rxe1 b5 19. Ba2 Bb7 20. Re2 b4 21. Ne4
Nxe4 22. Rxe4 Bxb2 23. Nxg5 hxg5 24. Qxg5+ Bg7 25. Re7 Qxe7 26. Qxe7 Re8 27.
Bxd6 Rxe7 28. Bxe7 0-1

[Event "Bernard Partridge Final"]
[Site "?"]
[Date "2000.??.??"]
[Round "?"]
[White "van Damme, Liban"]
[Black "Poulsen, JM."]
[Result "1/2-1/2"]
[WhiteElo "2444"]
[BlackElo "2370"]
[PlyCount "71"]

1. c4 e5 2. Nc3 Nf6 3. Nf3 Nc6 4. g3 Bb4 5. Nd5 Bc5 6. d3 h6 7. Bg2 d6 8. O-O
O-O 9. Nc3 a5 10. e3 Bg4 11. h3 Bh5 12. b3 Qd7 13. Bb2 Rfe8 14. a3 Nd8 15. d4
exd4 16. exd4 Ba7 17. d5 c6 18. Rc1 Rc8 19. Rc2 cxd5 20. Nxd5 Nxd5 21. Qxd5 Rc5
22. Qd2 Bxf3 23. Qc3 Ne6 24. Qxf3 b5 25. Qd3 bxc4 26. bxc4 Rb8 27. Rd1 Qa4 28.
Rcd2 Qxc4 29. Qxd6 Rf5 30. Kh2 Rd8 31. Qc6 Qxc6 32. Rxd8+ Nxd8 33. Rxd8+ Kh7
34. Bxc6 Rxf2+ 35. Kh1 Rf1+ 36. Kh2 1/2-1/2

[Event "Bernard Partridge Final"]
[Site "?"]
[Date "2000.??.??"]
[Round "?"]
[White "Summers, Manuel Jaime"]
[Black "van Damme, Liban"]
[Result "1/2-1/2"]
[WhiteElo "2408"]
[BlackElo "2444"]
[PlyCount "102"]

1. e4 c5 2. Nf3 Nc6 3. d4 cxd4 4. Nxd4 Nf6 5. Nc3 d6 6. Bg5 Qb6 7. Nb3 e6 8.
Bd3 Be7 9. O-O O-O 10. Kh1 Bd7 11. Qe2 Nb4 12. f4 h6 13. Bh4 Rfe8 14. Rad1 Nxd3
15. Rxd3 Nxe4 16. Nxe4 Bxh4 17. Nxd6 Re7 18. Rfd1 Bc6 19. Nc4 Qf2 20. Qxf2 Bxf2
21. Ne5 Be4 22. R3d2 Bb6 23. Re1 Bh7 24. c3 Rd8 25. Rxd8+ Bxd8 26. g3 Bc7 27.
Nc5 Kf8 28. Kg2 f6 29. Nf3 e5 30. fxe5 b6 31. Na6 Bxe5 32. Kf2 Bd6 33. Rxe7
Kxe7 34. Ke3 Bb1 35. a3 f5 36. Nd2 Bc2 37. Nb4 Ba4 38. Nd3 g5 39. c4 Kf6 40. b4
h5 41. c5 Be7 42. h4 gxh4 43. gxh4 bxc5 44. Nxc5 Bd1 45. Nf3 Bxf3 46. Kxf3 Ke5
47. Nd3+ Kd4 48. Nf4 Bxh4 49. Nxh5 Kc4 50. Ng7 Be7 51. Nxf5 Bxb4 1/2-1/2

[Event "Bernard Partridge Final"]
[Site "?"]
[Date "2000.??.??"]
[Round "?"]
[White "van Damme, Liban"]
[Black "Woelk, Ralf"]
[Result "1-0"]
[WhiteElo "2444"]
[BlackElo "2311"]
[PlyCount "31"]

1. c4 f5 2. Nf3 Nf6 3. d4 d6 4. Nc3 g6 5. Bf4 Bg7 6. e3 O-O 7. h4 h6 8. Qb3 c6
9. c5+ Kh7 10. cxd6 exd6 11. Ng5+ hxg5 12. hxg5+ Nh5 13. Bd3 Bxd4 14. g4 Be5
15. gxh5 Bxf4 16. exf4 1-0

[Event "Bernard Partridge Final"]
[Site "?"]
[Date "2000.??.??"]
[Round "?"]
[White "Boger, Raymond"]
[Black "Kunz, Harry"]
[Result "1/2-1/2"]
[WhiteElo "2477"]
[BlackElo "2403"]
[PlyCount "73"]
[EventDate "2001.10.13"]

1. c4 e5 2. g3 Nf6 3. Bg2 d5 4. cxd5 Nxd5 5. Nc3 Nb6 6. Nf3 Nc6 7. O-O Be7 8.
a3 O-O 9. b4 Be6 10. Rb1 f6 11. d3 a5 12. bxa5 Rxa5 13. Nb5 Qd7 14. Be3 Nd5 15.
Bd2 Ra6 16. Qc2 Nb6 17. Be3 Rfa8 18. Rfc1 Nd5 19. Bc5 Bxc5 20. Qxc5 Ra5 21. Qc2
Ndb4 22. axb4 Rxb5 23. Qc3 Ra4 24. Nd2 Bd5 25. Ne4 Qd8 26. Qd2 Bxe4 27. Bxe4
Raxb4 28. Rxb4 Nxb4 29. Rb1 Qe7 30. d4 exd4 31. Qxd4 c6 32. Qc4+ Kh8 33. Ra1
Qf8 34. Qe6 Re5 35. Qd6 Re8 36. Qxf8+ Rxf8 37. Rb1 1/2-1/2

[Event "Bernard Partridge Final"]
[Site "?"]
[Date "2000.??.??"]
[Round "?"]
[White "Poulsen, JM."]
[Black "Summers, Manuel Jaime"]
[Result "0-1"]
[WhiteElo "2370"]
[BlackElo "2408"]
[PlyCount "90"]
[EventDate "2001.10.13"]

1. e4 c5 2. Nf3 d6 3. d4 cxd4 4. Nxd4 Nf6 5. Nc3 e6 6. g4 h6 7. h3 a6 8. Bg2
Bd7 9. Be3 Nc6 10. f4 Be7 11. O-O Nh7 12. Qe2 Nxd4 13. Bxd4 O-O 14. Rad1 Bc6
15. Rd3 b5 16. a3 a5 17. Qe3 b4 18. Ne2 Qb8 19. Qf2 e5 20. Be3 Nf6 21. Ng3 Bb5
22. Nf5 Bd8 23. Rxd6 Bxf1 24. Qxf1 bxa3 25. bxa3 exf4 26. Bxf4 Ne8 27. Rd7 Qb2
28. e5 Rc8 29. Bxh6 Qxe5 30. Be3 Nf6 31. Bd4 Qe8 32. Rd6 Rxc2 33. Nxg7 Rxg2+
34. Kxg2 Qe4+ 35. Kg3 Nd5 36. Rxd8 Rxd8 37. Nf5 Qe6 38. Qc1 Ne7 39. Qg5+ Kf8
40. Kf4 Ng6+ 41. Kf3 Qb3+ 42. Kf2 Qc2+ 43. Kg1 Rc8 44. Qh6+ Ke8 45. Qe3+ Kd7
0-1

[Event "Bernard Partridge Final"]
[Site "?"]
[Date "2000.??.??"]
[Round "?"]
[White "Grothe, Dr. Gerhard"]
[Black "Summers, Manuel Jaime"]
[Result "0-1"]
[WhiteElo "2345"]
[BlackElo "2408"]
[PlyCount "62"]
[EventDate "2001.10.13"]

1. d4 Nf6 2. c4 g6 3. Nc3 Bg7 4. e4 d6 5. f3 O-O 6. Be3 c5 7. dxc5 dxc5 8. Qxd8
Rxd8 9. Bxc5 Nc6 10. Ba3 a5 11. Rd1 Be6 12. Nd5 Bxd5 13. cxd5 Nb4 14. Bb5 Nc2+
15. Kf2 Nxa3 16. bxa3 Rac8 17. Ne2 Rc2 18. Rc1 Rxa2 19. Rc7 Ne8 20. Rxe7 Nd6
21. Rb1 Rc8 22. Bd3 Rxa3 23. e5 Bxe5 24. Bxg6 hxg6 25. Rxe5 Kf8 26. Rb2 b5 27.
h4 b4 28. Rb1 Rc2 29. h5 Nc4 30. Rg5 Raa2 31. Re1 b3 0-1

[Event "Bernard Partridge Final"]
[Site "?"]
[Date "2000.??.??"]
[Round "?"]
[White "Kunz, Harry"]
[Black "Voss, Gunter"]
[Result "1-0"]
[WhiteElo "2403"]
[BlackElo "2296"]
[PlyCount "37"]
[EventDate "2001.10.13"]

1. e4 c5 2. c3 d6 3. d4 Qc7 4. Nf3 e5 5. Na3 a6 6. dxe5 dxe5 7. Nc4 Nd7 8. a4
b6 9. Ne3 Ndf6 10. Bc4 Bd6 11. O-O Nxe4 12. Re1 Nef6 13. Nxe5 Bxe5 14. Nd5 Nxd5
15. Qxd5 Bb7 16. Qxe5+ Qxe5 17. Rxe5+ Kf8 18. Be3 a5 19. Rd1 1-0

[Event "Bernard Partridge Final"]
[Site "?"]
[Date "2000.??.??"]
[Round "?"]
[White "Kunz, Harry"]
[Black "Lang, Torsten"]
[Result "1-0"]
[WhiteElo "2403"]
[BlackElo "2463"]
[PlyCount "53"]
[EventDate "2001.10.13"]

1. e4 c5 2. c3 Nf6 3. e5 Nd5 4. d4 cxd4 5. Nf3 e6 6. cxd4 b6 7. Bd3 Bb7 8. O-O
d6 9. Nc3 Nxc3 10. bxc3 Nd7 11. Bf4 Qc7 12. Re1 Rd8 13. Qb3 dxe5 14. Nxe5 Nxe5
15. Bb5+ Bc6 16. Bxe5 Qd7 17. a4 Bxb5 18. axb5 Qb7 19. c4 h5 20. d5 Rh6 21. Bf4
Rg6 22. Qh3 Bb4 23. Re4 Bd6 24. Bxd6 Rxd6 25. Qxh5 Kf8 26. Qh8+ Ke7 27. f4 1-0

[Event "Bernard Partridge Final"]
[Site "?"]
[Date "2000.??.??"]
[Round "?"]
[White "Voss, Gunter"]
[Black "Poulsen, JM."]
[Result "1/2-1/2"]
[WhiteElo "2296"]
[BlackElo "2370"]
[PlyCount "66"]
[EventDate "2001.10.13"]

1. e4 e6 2. d4 d5 3. Nc3 Nf6 4. Bg5 Be7 5. e5 Nfd7 6. Bxe7 Qxe7 7. f4 O-O 8.
Nf3 c5 9. Qd2 Nc6 10. g3 a6 11. O-O-O b5 12. Ne2 Bb7 13. Kb1 Rac8 14. g4 Nb6
15. dxc5 Nc4 16. Qd3 Nb4 17. Qc3 Qxc5 18. Ned4 Nc6 19. Nxc6 Qxc6 20. Nd4 Qb6
21. Qg3 Qa5 22. Nb3 Qb6 23. Bd3 a5 24. Nd4 Nxb2 25. Bxh7+ Kxh7 26. Kxb2 Rc4 27.
Qd3+ Kg8 28. h4 f6 29. Qe3 fxe5 30. Qxe5 Bc8 31. Rhe1 Qc7 32. f5 Rb4+ 33. Kc1
Qc3 1/2-1/2